00695nam a2200181 a 450000100060000000300090000600800410001504000280005608200180008410000340010224500460013626000420018230000100022450501660023465000420040065000370044265000340047922794CO-ViMGA141112s2004 ck r 000 u spa d aCO-ViMGAbspacCO-ViMGA04a352.086 B135g1 aBaena Benitéz, Martha Nubia10aGuía práctica del personero municipal aColombia : bBiblioteca Juridica Dike a102p. aPersoneri y democratizacion, El perosnero como defensor del pueblo, mecanismos alternos de responsabilidad, Modelos de formatos para imponer una accion de tutela14aADMINISTRACION MUNICIPAL - COLOMBIA 14aPROCESOS MUNICIPALES - COLOMBIA 14aVEEDURIA CIUDADANA - COLOMBIA